LEADER 00855nam a2200205 4500 001 000000354526 003 CaOOAMICUS 005 20230629151902.0 008 230629s1952 it 000 u ita r 040 $aSeMil$bita 100 1 $aSalerno, Elisa.$0(OLS)http://semarc/name/62091 245 13$aLa donna in san Paolo apostolo / $cMaria Pasini. 264 1$aVicenza :$bArti Grafiche delle Venezie,$c[1952] 300 $a75 p. ;$c18 cm 650 4$aPaolo - Concezione della donna.$0(OLS)http://semarc/subject/34037 850 $aSeMil 852 $aSeMil$W1$xVenegono$y1$m5A IV 9/18$j241862$B245782$CSeMilBibl$Z2$F245782 $81 996 $6245$aLa donna in san Paolo apostolo / $9(OLS)http://semarc/title/444668 996 $6264$aVicenza :$bArti Grafiche delle Venezie$9(OLS)http://semarc/publisher/51905 LEADER 00874nam a2200217 i 4500 001 000000194008 003 CaOOAMICUS 005 20101103000000.0 008 101103s1956 it u000 u ita u 013 $a172654 040 $aSeMil$bita 100 1 $aLemoyne, Giovanni Battista,$c.$0(OLS)http://semarc/name/10665 245 10$aMamma Margherita :$bLa madre di San Giovanni Bosco /$cSac. G. Battista Lemoyne. 250 $aNuova edizione. 260 $aTorino :$bSEI,$c1956. 300 $a203 p. ;$c22 cm. 600 14$aOcchiena Bosco, Margherita <1788-1856>.$0(OLS)http://semarc/subject/26021 850 $aSeMil 852 $aSeMil$W1$xVenegono$y1$m3J IV 188$j144582$B144582$CSeMilBibl$Z2$F155912 $81 996 $6245$aMamma Margherita :$bLa madre di San Giovanni Bosco$9(OLS)http://semarc/title/279675 996 $6260$aTorino :$bSEI$9(OLS)http://semarc/publisher/29848